| 000 | 00372nam a2200145Ia 4500 | ||
|---|---|---|---|
| 008 | 230917s9999||||xx |||||||||||||| ||und|| | ||
| 040 |
_e142923 _aMAIN |
||
| 041 | _aEnglish | ||
| 082 | _a783.6 M662S | ||
| 100 | _aMiner, Allyn | ||
| 245 | 0 | _aSitar and sarod in the 18th and 19th centuries | |
| 260 |
_aDelhi _bMotilal Banarsidass _c1997 |
||
| 300 | _a265 p. | ||
| 942 | _cBK | ||
| 999 |
_c98615 _d98615 |
||